| 000 | 00899nam a22002417a 4500 | ||
|---|---|---|---|
| 005 | 20170124110035.0 | ||
| 010 | _aB-059658 | ||
| 020 |
_c00.00 _a8121508908 |
||
| 035 | _aB-059658 | ||
| 037 | _bCen Lib/Ret | ||
| 040 |
_aDPL _bEN |
||
| 082 |
_a372.6016 _bGAN |
||
| 100 |
_aGanguly, S. R. _922422 |
||
| 245 |
_aEnglish language and literature teaching in India : _cby S. R. Ganguly [and] L. S. Ramaiah _ba bibliography / |
||
| 260 |
_aNew Delhi _bMunshiram Manoharlal Publishers _c2000 |
||
| 270 |
_bNew Delhi _aPost Box 5715, 54 Rani Jhansi Road _e110055 |
||
| 300 |
_axxi,184p. _c22cm(Hb) |
||
| 500 | _aIncludes bibliographical references and index | ||
| 650 |
_aEnglish philology -- Study and teaching -- India -- Bibliography _922423 |
||
| 650 |
_a English language -- India -- Bibliography _922424 |
||
| 700 |
_aRamaiah, L. S. _9970 |
||
| 942 |
_2ddc _cEN _h372.6016 _mGAN |
||
| 999 |
_c128107 _d128107 |
||